00000000nam##2200000za#4500
0019.541222
003CaOODSP
00520200326030400
007ta
008150406|2005||||xxc|||||     f|0| 0 eng|d
040 |aCaOODSP|beng
041 |aeng
041 |afre
043 |an-cn---
0861 |aBT42-412/2006-1
1101 |aCanada. |bTreasury Board.
24510|aMemorandum of Agreement between the Treasury Board and the Canadian Association of Professional Employees in respect of the re-opening of the Collective Agreement for the Economics and Social Science Services Bargaining Unit
2463 |aGroup: Economics and Social Sciences Services (All Employees) : expiry date: 21 June 2006
260 |bTreasury Board of Canada Secretariat |c2005.
300 |aEnglish text, 3p. ; |c15 cm.
4901 |aAgreement between the Treasury Board and the Canadian Association of Professional Employees |vCode: 208, 412
563 |aSoftcover
792 |tProtocole d'entente entre le Conseil du Trésor et l'Association canadienne des employés professionnels concernant la réouverture de la convention collective applicable à l'unité de négociation économique et services de sciences sociales |efre|w(CaOODSP)9.541223
830#0|aAgreement between the Treasury Board and the Canadian Association of Professional Employees ;|vCode: 208, 412|w(CaOODSP)9.511102